Проблемы мирового революционного процесса: [сборник статей]; Вып. 1

Chi tiết về thư mục
Tác giả của công ty: Академия общественных наук при ЦК КПСС
Tác giả khác: Красин Ю. А. Юрий Андреевич (редактор)
Ngôn ngữ:Tiếng Nga
Được phát hành: Москва, Мысль, 1981
Những chủ đề:
Định dạng: MixedMaterials Sách
KOHA link:https://koha.lib.tpu.ru/cgi-bin/koha/opac-detail.pl?biblionumber=309317

MARC

LEADER 00000nam0a2200000 4500
001 309317
005 20231102002159.0
020 |a RU  |b 82-201ж 
035 |a (RuTPU)RU\TPU\book\334639 
090 |a 309317 
100 |a 20151112a1981 km y0rusy5003 ca 
101 0 |a rus 
102 |a RU 
105 |a y z 001zy 
200 1 |a Проблемы мирового революционного процесса  |e [сборник статей]  |h Вып. 1  |f Академия общественных наук при ЦК КПСС ; под ред. Ю. А. Красина 
210 |a Москва  |c Мысль  |d 1981 
215 |a 300 с. 
320 |a Библиография в ссылках. 
606 1 |a Международное революционное движение  |2 stltpush  |3 (RuTPU)RU\TPU\subj\41919  |9 61687 
610 1 |a революционный процесс 
610 1 |a теория 
610 1 |a практика 
610 1 |a идеологическая борьба 
610 1 |a ленинизм 
610 1 |a антимонопольная политика 
610 1 |a интернационализм 
610 1 |a 20 век 
686 |a Ф61(0)6  |2 rubbk 
702 1 |a Красин  |b Ю. А.  |g Юрий Андреевич  |4 340 
712 0 2 |a Академия общественных наук при ЦК КПСС  |2 stltpush  |3 (RuTPU)RU\TPU\col\11311  |9 25033 
801 0 |a RU  |b RuMRKP  |c 19950704  |g psbo 
801 1 |a RU  |b 63413507  |c 20151112 
801 2 |a RU  |b 63413507  |c 20180917  |g RCR 
942 |c BK